[Event "Mar de Ajo op 5th"]
[Site "Mar de Ajo"]
[Date "2023.11.10"]
[Round "2"]
[White "Perez Ponsa, Federico"]
[Black "Belmes, Martin"]
[Result "1-0"]
[WhiteElo "2524"]
[BlackElo "2038"]
[PlyCount "77"]
[EventDate "2023.11.10"]
[EventType "swiss"]
[EventRounds "6"]
[EventCountry "ARG"]
[SourceTitle "CB46_2023"]
[SourceDate "2023.11.15"]
[SourceVersion "1"]
[SourceVersionDate "2023.11.15"]
[SourceQuality "1"]

1. e4 c5 2. Nf3 Nc6 3. Bb5 Nf6 4. Nc3 Nd4 5. Bc4 b5 6. Nxd4 bxc4 7. Nf3 d5 8. exd5 Nxd5 9. b3 Nxc3 10. dxc3 Qxd1+ 11. Kxd1 Bb7 12. Be3 e6 13. bxc4 Be7 14. Rb1 0-0-0+ 15. Ke2 f6 16. Rb3 Kc7 17. Ra3 Ra8 18. Ne1 a5 19. Nd3 Kc6 20. Rb1 a4 21. Bxc5 Bxc5 22. Nxc5 Ba6 23. Nd3 Bxc4 24. Rb4 Bb5 25. c4 Ba6 26. Rbxa4 Bb7 27. Rxa8 Rxa8 28. Rxa8 Bxa8 29. f4 h5 30. g3 Kd6 31. Ke3 e5 32. fxe5+ fxe5 33. a4 g5 34. a5 e4 35. Nf2 Ke5 36. a6 Bc6 37. a7 Kf5 38. h3 Ke5 39. Nd1 1-0

[Event "ARG-chT"]
[Site "Villa Martelli"]
[Date "2022.08.27"]
[Round "3.4"]
[White "Belmes, Martin"]
[Black "Saldano Dayer, Horacio"]
[Result "0-1"]
[WhiteElo "2023"]
[BlackElo "2390"]
[PlyCount "30"]
[EventDate "2022.08.26"]
[EventType "team-swiss"]
[EventRounds "8"]
[EventCountry "ARG"]
[SourceTitle "EXT 2023"]
[Source "ChessBase"]
[SourceDate "2022.10.05"]
[SourceVersion "1"]
[SourceVersionDate "2022.10.05"]
[SourceQuality "1"]
[WhiteTeam "Villa del Parque CC"]
[BlackTeam "Centro Univ CUV"]
[WhiteTeamCountry "ARG"]
[BlackTeamCountry "ARG"]

1. e4 e5 2. Nf3 Nc6 3. Bb5 a6 4. Ba4 Bc5 5. 0-0 Nge7 6. c3 Ng6 7. d4 Ba7 8. Bxc6 dxc6 9. Nxe5 Nxe5 10. dxe5 Qh4 11. Qf3 Rg8 12. Nd2 Bg4 13. Qg3 Qh5 14. e6 Bxe6 15. Qxc7 Bb8 0-1

[Event "ARG-ch sf 94th"]
[Site "Buenos Aires"]
[Date "2019.04.06"]
[Round "8"]
[White "Villegas, Franco"]
[Black "Belmes, Martin"]
[Result "1-0"]
[WhiteElo "2231"]
[BlackElo "2072"]
[PlyCount "105"]
[EventDate "2019.03.30"]
[EventType "swiss"]
[EventRounds "9"]
[EventCountry "ARG"]
[SourceTitle "CBM 189 Extra"]
[Source "ChessBase"]
[SourceDate "2019.06.03"]
[SourceVersion "1"]
[SourceVersionDate "2019.06.03"]
[SourceQuality "1"]

1. e4 c5 2. Nf3 Nc6 3. d4 cxd4 4. Nxd4 Nf6 5. Nc3 e5 6. Ndb5 d6 7. Nd5 Nxd5 8. exd5 Nb8 9. a4 Be7 10. Be3 a6 11. Na3 Nd7 12. Nc4 f5 13. f3 a5 14. Qd2 0-0 15. Bd3 b6 16. Na3 Nc5 17. 0-0 Bf6 18. Bxc5 bxc5 19. c3 Bg5 20. Qf2 Bb7 21. Rad1 Kh8 22. Qc2 Be3+ 23. Kh1 Qh4 24. g3 Qf6 25. Nc4 Bh6 26. Bxf5 Ba6 27. Bd3 Bxc4 28. Bxc4 Bg5 29. Kg2 Qh6 30. Qe4 Rab8 31. b3 Be3 32. Rd3 Bg5 33. f4 exf4 34. gxf4 Rbe8 35. fxg5 Qxg5+ 36. Rg3 Qd2+ 37. Kh3 g6 38. Rxf8+ Rxf8 39. Rf3 Qh6+ 40. Kg2 Qg5+ 41. Kh1 Rf5 42. Qe8+ Kg7 43. Qd7+ Kg8 44. Rxf5 gxf5 45. Qxd6 Qc1+ 46. Kg2 Qd2+ 47. Kh3 f4 48. Qe5 h5 49. d6+ Kh7 50. Qxh5+ Kg7 51. Qf7+ Kh6 52. Qe6+ Kg5 53. Qd5+ 1-0

[Event "ARG-ch U18"]
[Site "Buenos Aires"]
[Date "2019.03.04"]
[Round "8.1"]
[White "Varacalli, Francisco"]
[Black "Belmes, Martin"]
[Result "1-0"]
[WhiteElo "2287"]
[BlackElo "2072"]
[PlyCount "89"]
[EventDate "2019.03.01"]
[EventType "swiss"]
[EventRounds "9"]
[EventCountry "ARG"]
[SourceTitle "EXT 2024"]
[Source "ChessBase"]
[SourceDate "2023.10.10"]
[SourceVersion "1"]
[SourceVersionDate "2023.10.10"]
[SourceQuality "1"]

1. e4 e6 2. d4 d5 3. Nd2 Be7 4. Bd3 c5 5. dxc5 Nf6 6. exd5 Qxd5 7. Ngf3 a5 8. Qe2 Na6 9. Nc4 Bxc5 10. c3 0-0 11. 0-0 Qd8 12. Bg5 Be7 13. Rad1 Qc7 14. Nce5 Nc5 15. Bb5 Nd5 16. Bxe7 Qxe7 17. Ng6 hxg6 18. Rxd5 b6 19. Rfd1 Rb8 20. R5d4 Bb7 21. b4 axb4 22. cxb4 Bxf3 23. Qxf3 Nb7 24. a3 Qg5 25. Bf1 Nd8 26. Qh3 Qf5 27. Qxf5 exf5 28. Rd6 Ne6 29. a4 Rfd8 30. Rxd8+ Rxd8 31. Ra1 Ra8 32. a5 Nc7 33. axb6 Rxa1 34. b5 Nxb5 35. b7 Nd4 36. b8Q+ Kh7 37. Qb2 Rd1 38. f3 f4 39. Kf2 Nf5 40. Be2 Rh1 41. Qe5 Rxh2 42. Qxf4 Rh4 43. g4 Nh6 44. Kg2 f6 45. Qg3 1-0

[Event "Villa Ballester op 69th"]
[Site "Villa Ballester"]
[Date "2019.01.19"]
[Round "3"]
[White "Belmes, Martin"]
[Black "Fiorito, Joaquin"]
[Result "1-0"]
[WhiteElo "1997"]
[BlackElo "1671"]
[PlyCount "59"]
[EventDate "2019.01.16"]
[EventType "swiss"]
[EventRounds "9"]
[EventCountry "ARG"]
[SourceTitle "CBM 188 Extra"]
[Source "ChessBase"]
[SourceDate "2019.02.26"]
[SourceVersion "1"]
[SourceVersionDate "2019.02.26"]
[SourceQuality "1"]

1. e4 e5 2. Nf3 Nc6 3. Bb5 a6 4. Ba4 Nf6 5. 0-0 Be7 6. Re1 b5 7. Bb3 d6 8. c3 0-0 9. h3 Na5 10. Bc2 c5 11. d3 Qc7 12. Nbd2 Nc6 13. Nf1 Rd8 14. Ng3 d5 15. exd5 Nxd5 16. Qe2 Nf4 17. Qe4 Ng6 18. h4 Be6 19. h5 Bd5 20. Qe3 Nh4 21. Nxh4 Bxh4 22. Nf5 Bf6 23. Qxc5 Qd7 24. Ne3 Be6 25. Nf1 Be7 26. Qe3 f5 27. d4 f4 28. Qe4 h6 29. dxe5 Bd5 30. Qh7+ 1-0

[Event "Villa Ballester op 69th"]
[Site "Villa Ballester"]
[Date "2019.01.18"]
[Round "2"]
[White "Condino, Gabriel"]
[Black "Belmes, Martin"]
[Result "1-0"]
[WhiteElo "2214"]
[BlackElo "1997"]
[PlyCount "95"]
[EventDate "2019.01.16"]
[EventType "swiss"]
[EventRounds "9"]
[EventCountry "ARG"]
[SourceTitle "CBM 188 Extra"]
[Source "ChessBase"]
[SourceDate "2019.02.26"]
[SourceVersion "1"]
[SourceVersionDate "2019.02.26"]
[SourceQuality "1"]

1. Nf3 Nc6 2. c4 e5 3. Nc3 g6 4. d3 Bg7 5. Bg5 f6 6. Bd2 f5 7. Rb1 Nf6 8. b4 d6 9. g3 0-0 10. Bg2 h6 11. 0-0 g5 12. b5 Ne7 13. Ne1 f4 14. e3 Ng6 15. Nd5 Nxd5 16. Bxd5+ Kh8 17. Qh5 Qf6 18. Be4 Ne7 19. exf4 gxf4 20. Nf3 Rb8 21. Nh4 Qg5 22. Ng6+ Nxg6 23. Qxg6 Qxg6 24. Bxg6 Bh3 25. Rfe1 fxg3 26. hxg3 Rf6 27. Be4 b6 28. Rb3 Rbf8 29. Be3 Bf5 30. Ra3 Bxe4 31. dxe4 Ra8 32. Ra6 Rff8 33. Rd1 Rfe8 34. a4 Bf8 35. a5 bxa5 36. Ra1 c6 37. R1xa5 cxb5 38. cxb5 Rab8 39. Rxa7 d5 40. exd5 Bb4 41. R5a6 Rxb5 42. Rxh6+ Kg8 43. Rg6+ Kh8 44. Bg5 Rf8 45. Bf6+ Rxf6 46. Rxf6 Rxd5 47. Rb6 Bd6 48. Rc6 1-0

[Event "Villa Ballester op 69th"]
[Site "Villa Ballester"]
[Date "2019.01.16"]
[Round "1"]
[White "Belmes, Martin"]
[Black "Fiorito, Francisco"]
[Result "1-0"]
[WhiteElo "1997"]
[BlackElo "1510"]
[PlyCount "63"]
[EventDate "2019.01.16"]
[EventType "swiss"]
[EventRounds "9"]
[EventCountry "ARG"]
[SourceTitle "CBM 188 Extra"]
[Source "ChessBase"]
[SourceDate "2019.02.26"]
[SourceVersion "1"]
[SourceVersionDate "2019.02.26"]
[SourceQuality "1"]

1. e4 e5 2. Nf3 Nc6 3. Bb5 a6 4. Ba4 Nf6 5. 0-0 Be7 6. Bxc6 dxc6 7. Nxe5 Nxe4 8. Qe2 Nf6 9. Re1 Be6 10. Nc3 0-0 11. Nxf7 Bxf7 12. Qxe7 Qxe7 13. Rxe7 Rfe8 14. Rxe8+ Rxe8 15. Kf1 Bg6 16. d3 Rf8 17. h3 c5 18. b3 b5 19. Bg5 c4 20. Bxf6 gxf6 21. Nd5 Rf7 22. Nf4 cxd3 23. cxd3 Bf5 24. Rc1 Rd7 25. Ke2 Kf7 26. Rc6 a5 27. g4 Bg6 28. Rc5 Re7+ 29. Kd2 Re5 30. Rxc7+ Kg8 31. Nxg6 hxg6 32. a3 1-0

[Event "ARG-chT"]
[Site "Villa Martelli"]
[Date "2018.08.18"]
[Round "7.3"]
[White "Bosco, Giuliana"]
[Black "Belmes, Martin"]
[Result "0-1"]
[WhiteElo "1622"]
[BlackElo "1877"]
[PlyCount "82"]
[EventDate "2018.07.07"]
[EventType "team-swiss"]
[EventRounds "9"]
[EventCountry "ARG"]
[SourceTitle "CBM 187 Extra"]
[Source "ChessBase"]
[SourceDate "2018.11.04"]
[SourceVersion "1"]
[SourceVersionDate "2018.11.04"]
[SourceQuality "1"]
[WhiteTeam "San Isidro"]
[BlackTeam "Villa del Parque CC"]
[WhiteTeamCountry "ARG"]
[BlackTeamCountry "ARG"]

1. e4 b6 2. d4 Bb7 3. Nc3 Nf6 4. Bd3 e6 5. Nf3 Bb4 6. Bg5 h6 7. Bxf6 Qxf6 8. 0-0 Bxc3 9. bxc3 c5 10. Re1 g5 11. Bf1 Nc6 12. e5 Qg7 13. Nd2 Na5 14. Ne4 Bxe4 15. Rxe4 Qg6 16. Re1 0-0 17. Bd3 f5 18. Be2 c4 19. Bh5 Qg7 20. Bf3 Rac8 21. h3 Kh8 22. Rb1 Rg8 23. Qd2 Qg6 24. Qd1 Rcf8 25. Bh5 Qg7 26. Qd2 Kh7 27. Bf3 Qg6 28. Qd1 Kh8 29. Bh5 Qg7 30. Qd2 g4 31. hxg4 Qg5 32. Qxg5 Rxg5 33. f4 Rg7 34. gxf5 Rxf5 35. Be2 Rxf4 36. Rb4 Rg3 37. Bxc4 Rxc3 38. Bd3 Nc6 39. Ra4 Rxd4 40. Rxd4 Nxd4 41. Rc1 Rxd3 0-1

[Event "ARG-chT ART Semillero U21"]
[Site "Villa Martelli"]
[Date "2018.06.30"]
[Round "6.2"]
[White "Belmes, Martin"]
[Black "Kapitanchuk, Tomas"]
[Result "0-1"]
[WhiteElo "1877"]
[BlackElo "2253"]
[PlyCount "82"]
[EventDate "2018.06.02"]
[EventType "team-swiss"]
[EventRounds "6"]
[EventCountry "ARG"]
[SourceTitle "EXT 2019"]
[Source "ChessBase"]
[SourceDate "2018.10.10"]
[SourceVersion "1"]
[SourceVersionDate "2018.10.10"]
[SourceQuality "1"]
[WhiteTeam "Club Villa del Parque U21"]
[BlackTeam "Club Argentino U21"]
[WhiteTeamCountry "ARG"]
[BlackTeamCountry "ARG"]

1. e4 c5 2. Nc3 Nc6 3. Bb5 Nd4 4. Bc4 g6 5. Nge2 Bg7 6. 0-0 a6 7. a4 e6 8. d3 Ne7 9. f4 0-0 10. Nxd4 cxd4 11. Ne2 d5 12. Bb3 b6 13. e5 Nc6 14. c3 dxc3 15. bxc3 f6 16. d4 f5 17. Qe1 Na5 18. Bd1 Bd7 19. Rf3 b5 20. axb5 Bxb5 21. h4 h5 22. Qg3 Kh7 23. Kh2 Nc4 24. Ng1 a5 25. Nh3 Bh6 26. Rf2 Rf7 27. Rfa2 Rb7 28. Be2 Bc6 29. Ng5+ Bxg5 30. Qxg5 Qxg5 31. hxg5 Rb3 32. Bxc4 dxc4 33. Ra3 Rab8 34. Kg3 Rxa3 35. Rxa3 Rb1 36. Be3 Rb2 37. Bf2 h4+ 38. Kxh4 Rxf2 39. Rxa5 Rxf4+ 40. Kh3 Rg4 41. Ra7+ Kg8 0-1

[Event "ARG-chT ART Semillero U21"]
[Site "Villa Martelli"]
[Date "2017.06.03"]
[Round "4"]
[White "Belmes, Martin"]
[Black "Isella, Facundo"]
[Result "1/2-1/2"]
[WhiteElo "1913"]
[BlackElo "1572"]
[PlyCount "86"]
[EventDate "2017.05.13"]
[EventType "team-swiss"]
[EventRounds "7"]
[EventCountry "ARG"]
[SourceTitle "EXT 2018"]
[Source "ChessBase"]
[SourceDate "2017.10.13"]
[SourceVersion "1"]
[SourceVersionDate "2017.10.13"]
[SourceQuality "1"]
[WhiteTeam "Club Villa del Parque U21"]
[BlackTeam "Centro Univ CUV U21"]
[WhiteTeamCountry "ARG"]
[BlackTeamCountry "ARG"]

1. e4 d5 2. exd5 Qxd5 3. Nc3 Qd8 4. Nf3 Nf6 5. Bc4 e6 6. d3 Be7 7. 0-0 0-0 8. Re1 Nbd7 9. a4 b6 10. Qe2 Re8 11. Nb5 Bd6 12. Nbd4 Bb7 13. Ng5 Ne5 14. Bb3 h6 15. Ngxe6 fxe6 16. Nxe6 Rxe6 17. Bxe6+ Kh8 18. d4 Ned7 19. Bd2 Ne4 20. f3 Nxd2 21. Qxd2 Nf6 22. c3 Nd5 23. g3 Qf6 24. Qd3 Rf8 25. Bh3 Qg5 26. Bg2 h5 27. c4 Nb4 28. Qb3 h4 29. f4 Bxf4 30. Bxb7 a5 31. Bg2 hxg3 32. h3 Bd2 33. Re5 Qf4 34. Rf1 Qxd4+ 35. Kh1 Rxf1+ 36. Bxf1 Qxe5 37. Qf3 Qf4 38. Qh5+ Kg8 39. Qe8+ Qf8 40. Qe6+ Qf7 41. Qc8+ Kh7 42. Bg2 Qe7 43. Qf5+ Kg8 1/2-1/2

[Event "ARG-chT ART Semillero U21"]
[Site "Villa Martelli"]
[Date "2017.05.13"]
[Round "1"]
[White "Villegas, Franco"]
[Black "Belmes, Martin"]
[Result "1-0"]
[WhiteElo "2317"]
[BlackElo "1913"]
[PlyCount "73"]
[EventDate "2017.05.13"]
[EventType "team-swiss"]
[EventRounds "7"]
[EventCountry "ARG"]
[SourceTitle "EXT 2018"]
[Source "ChessBase"]
[SourceDate "2017.10.13"]
[SourceVersion "1"]
[SourceVersionDate "2017.10.13"]
[SourceQuality "1"]
[WhiteTeam "Obras AySa U21"]
[BlackTeam "Club Villa del Parque U21"]
[WhiteTeamCountry "ARG"]
[BlackTeamCountry "ARG"]

1. e4 e6 2. d4 d5 3. Nd2 Be7 4. Bd3 c5 5. dxc5 Bxc5 6. Ngf3 Nf6 7. e5 Nfd7 8. 0-0 Nc6 9. Re1 Qc7 10. Nb3 Be7 11. Nbd4 a6 12. Nxc6 bxc6 13. c4 h6 14. Bf4 0-0 15. Rc1 Qb6 16. Bb1 Rd8 17. cxd5 cxd5 18. Qd3 Nf8 19. Nd4 Bd7 20. Be3 Qb7 21. Nb3 Qb5 22. Rc7 Re8 23. Nd4 Qxd3 24. Bxd3 Reb8 25. b3 Bd8 26. Rc2 a5 27. a3 Be7 28. a4 Rb4 29. Rc3 Rb7 30. Rec1 Rb4 31. Bb5 Bxb5 32. axb5 Bg5 33. Bxg5 Rxd4 34. Be7 Kh7 35. Bd6 Nd7 36. Rc7 Nf8 37. b6 1-0